| 000 | 00594nam a2200181 i 4500 | ||
|---|---|---|---|
| 001 | 165877 | ||
| 003 | ES-MaACL | ||
| 005 | 20251014063242.0 | ||
| 008 | 050906s1861 fr |||| | fre d | ||
| 100 | 1 |
_aSue, Eugène, _d1804-1857 _9132950 |
|
| 245 | 1 | 4 |
_aLes secrets de l'oreiller / _cpar Eugène Sue. |
| 260 |
_aParis : _bMichel lévy Frères, _c1861 ( _eCoulommiers : _fImp. de A. Moussin) |
||
| 300 |
_a307 p. ; _c18 cm. |
||
| 490 | 1 | _aCollection Michel Lévy | |
| 830 | 0 | 0 |
_aCollection Michel Lévy _9182425 |
| 852 |
_aES-MaACL _jD-2135 _z- Enc. hol. |
||
| 999 |
_c165877 _d165877 |
||